000 00340nam a2200157Ia 4500
003 Ost
005 20260225132557.0
008 260225s9999||||xx |||||||||||||| ||und||
040 _cfsic
041 _afre
082 _a302.23
100 _aEmile Zola
_eAuteur
245 0 _aGerminal :
245 0 _broman /
_cEmile Zola
942 _cكتاب
999 _c34499
_d34499